[Event "AUT-chT Blitz"]
[Site "Pasching"]
[Date "2025.05.31"]
[Round "4.5"]
[White "Shimanov, Aleksandr"]
[Black "Jovanovic, Zoran"]
[Result "1/2-1/2"]
[WhiteElo "2578"]
[BlackElo "2499"]
[PlyCount "76"]
[EventDate "2025.05.31"]
[EventType "team-swiss (blitz)"]
[EventRounds "13"]
[EventCountry "AUT"]
[SourceTitle "CB23_2025"]
[SourceDate "2025.06.04"]
[SourceVersion "1"]
[SourceVersionDate "2025.06.04"]
[SourceQuality "1"]
[WhiteTeam "Linz ASV II"]
[BlackTeam "Kirchweyhe"]
[WhiteTeamCountry "AUT"]
[BlackTeamCountry "GER"]

1. b3 Nf6 2. Bb2 g6 3. g3 Bg7 4. Bg2 c5 5. c4 Nc6 6. Nf3 d6 7. 0-0 e5 8. Nc3 0-0 9. d3 h6 10. a3 Be6 11. Nd2 d5 12. cxd5 Nxd5 13. Rc1 b6 14. b4 cxb4 15. Nxd5 Bxd5 16. e4 Be6 17. Rxc6 Qxd3 18. axb4 Rfd8 19. Bc1 Qb5 20. Qc2 Qxb4 21. Nf3 Rac8 22. Be3 a5 23. Rc1 b5 24. Bf1 a4 25. Bc5 Qb3 26. Qxb3 axb3 27. Ba3 Rxc6 28. Rxc6 Ra8 29. Bb2 Ra2 30. Bc3 b2 31. Nd2 b4 32. Bxb4 Ra1 33. Kg2 b1Q 34. Nxb1 Rxb1 35. Bc3 Rc1 36. Rc7 Kh7 37. Ba5 Rxc7 38. Bxc7 f5 1/2-1/2

[Event "PlusCity Grand Prix Rapid"]
[Site "Pasching"]
[Date "2025.05.30"]
[Round "7"]
[White "Jovanovic, Zoran"]
[Black "Nasuta, Grzegorz"]
[Result "1-0"]
[WhiteElo "2499"]
[BlackElo "2498"]
[PlyCount "135"]
[EventDate "2025.05.30"]
[EventType "swiss (rapid)"]
[EventRounds "9"]
[EventCountry "AUT"]
[SourceTitle "CB23_2025"]
[SourceDate "2025.06.04"]
[SourceVersion "1"]
[SourceVersionDate "2025.06.04"]
[SourceQuality "1"]

1. e4 c5 2. Nf3 e6 3. Nc3 a6 4. g3 d6 5. Bg2 Nf6 6. 0-0 Be7 7. e5 dxe5 8. Nxe5 0-0 9. a4 Qc7 10. Re1 Nbd7 11. Nc4 Nb6 12. Nxb6 Qxb6 13. a5 Qc7 14. d3 Bd7 15. Bf4 Qc8 16. Na4 Bxa4 17. Rxa4 Qd7 18. c4 Ne8 19. Ra3 Bd6 20. Be3 Qc7 21. Rb3 Rb8 22. Rb6 Nf6 23. Qa4 Nd7 24. Rb3 Be5 25. Qa3 Rfd8 26. Rd1 h5 27. Bf3 h4 28. Kg2 Bf6 29. d4 cxd4 30. Bxd4 Bxd4 31. Rxd4 Nc5 32. Rxd8+ Rxd8 33. Re3 Rd4 34. b4 Nd7 35. c5 Ne5 36. Qc3 Nxf3 37. Rxf3 Qd7 38. Rf4 h3+ 39. Kf1 Rd3 40. Qc4 Rd1+ 41. Ke2 Rd2+ 42. Ke3 Kf8 43. Rd4 Rxd4 44. Qxd4 Qc7 45. Qf4 Qc6 46. Qd6+ Ke8 47. Qxc6+ bxc6 48. Kf4 Ke7 49. Kg4 Kf6 50. f4 e5 51. f5 e4 52. Kf4 e3 53. Kxe3 Kxf5 54. Kd4 Ke6 55. Ke4 f5+ 56. Kf4 Kf6 57. g4 g5+ 58. Kg3 f4+ 59. Kxh3 Ke5 60. Kg2 Kd5 61. Kf3 Ke5 62. h3 Kf6 63. h4 gxh4 64. Kxf4 Ke6 65. Kf3 Ke5 66. Kg2 Kf4 67. b5 cxb5 68. c6 1-0

[Event "PlusCity Grand Prix Rapid"]
[Site "Pasching"]
[Date "2025.05.30"]
[Round "1"]
[White "Jovanovic, Zoran"]
[Black "Peneder, Hans"]
[Result "1-0"]
[WhiteElo "2499"]
[BlackElo "1945"]
[PlyCount "77"]
[EventDate "2025.05.30"]
[EventType "swiss (rapid)"]
[EventRounds "9"]
[EventCountry "AUT"]
[SourceTitle "CB23_2025"]
[SourceDate "2025.06.04"]
[SourceVersion "1"]
[SourceVersionDate "2025.06.04"]
[SourceQuality "1"]

1. e4 c5 2. Nc3 g6 3. d4 cxd4 4. Qxd4 Nf6 5. Nf3 Nc6 6. Qa4 d6 7. e5 dxe5 8. Nxe5 Bd7 9. Nxd7 Qxd7 10. Be3 Bg7 11. Rd1 Qg4 12. Qb3 Qb4 13. Qxb4 Nxb4 14. Bb5+ Nc6 15. 0-0 0-0 16. Bc5 Rfe8 17. Bxc6 bxc6 18. Rfe1 e6 19. Na4 Nd5 20. b3 Nc3 21. Nxc3 Bxc3 22. Re3 Bg7 23. Red3 a5 24. a4 Bf6 25. Kf1 Red8 26. Rd7 Rxd7 27. Rxd7 Be5 28. Bb6 Ra6 29. Bc5 Kg7 30. Ke2 Kf6 31. h3 h5 32. Be7+ Kg7 33. g4 hxg4 34. hxg4 Bf6 35. Bc5 Be5 36. g5 Bf4 37. Be7 Be5 38. f4 Bxf4 39. Bf6+ 1-0

[Event "PlusCity Grand Prix Blitz"]
[Site "Pasching"]
[Date "2025.05.29"]
[Round "12"]
[White "Lagno, Kateryna"]
[Black "Jovanovic, Zoran"]
[Result "1/2-1/2"]
[WhiteElo "2516"]
[BlackElo "2499"]
[PlyCount "113"]
[EventDate "2025.05.29"]
[EventType "swiss (blitz)"]
[EventRounds "13"]
[EventCountry "AUT"]
[SourceTitle "CB23_2025"]
[SourceDate "2025.06.04"]
[SourceVersion "1"]
[SourceVersionDate "2025.06.04"]
[SourceQuality "1"]

1. e4 d6 2. d4 Nf6 3. Nc3 e5 4. Nf3 Nbd7 5. Bc4 Be7 6. a4 0-0 7. 0-0 exd4 8. Nxd4 Nc5 9. Re1 c6 10. Ba2 a5 11. h3 Be6 12. Nxe6 fxe6 13. e5 dxe5 14. Qxd8 Raxd8 15. Rxe5 Nd5 16. Nxd5 cxd5 17. f3 Bf6 18. Re1 Kf7 19. c3 d4 20. cxd4 Bxd4+ 21. Be3 b6 22. Bc4 Kf6 23. h4 h6 24. Rac1 Bxe3+ 25. Rxe3 Rd4 26. b3 Rxh4 27. Rce1 Re8 28. Rd1 Ke7 29. Rde1 Kd6 30. Rd1+ Kc7 31. Rde1 Rd4 32. Bxe6 Rxe6 33. Rxe6 Nxe6 34. Rxe6 Rd3 35. Rg6 Rxb3 36. Rxg7+ Kd6 37. Rg6+ Kc5 38. Rxh6 Rb4 39. g4 Rxa4 40. g5 Ra1+ 41. Kg2 Ra2+ 42. Kg3 Ra1 43. Kf4 Rg1 44. g6 a4 45. Rh5+ Kc6 46. Rg5 Rxg5 47. Kxg5 a3 48. g7 a2 49. g8Q a1Q 50. Qc4+ Kb7 51. Qd5+ Kc7 52. f4 Qg7+ 53. Kf5 Qh7+ 54. Ke5 Qg7+ 55. Ke4 Qg2+ 56. Ke5 Qg7+ 57. Ke4 1/2-1/2

[Event "Sarajevo Causevic Memorial Blitz op"]
[Site "Sarajevo"]
[Date "2025.05.25"]
[Round "6"]
[White "Jovanovic, Zoran"]
[Black "Marjanovic, Dejan"]
[Result "0-1"]
[WhiteElo "2499"]
[BlackElo "2395"]
[PlyCount "104"]
[EventDate "2025.05.25"]
[EventType "swiss (blitz)"]
[EventRounds "11"]
[EventCountry "BIH"]
[SourceTitle "CB22_2025"]
[SourceDate "2025.05.28"]
[SourceVersion "1"]
[SourceVersionDate "2025.05.28"]
[SourceQuality "1"]

1. e4 e5 2. Nf3 Nc6 3. Bb5 a6 4. Ba4 Nf6 5. Nc3 b5 6. Bb3 Bc5 7. 0-0 d6 8. Nd5 Rb8 9. c3 Ba7 10. d4 h6 11. Be3 Ng4 12. Bc1 0-0 13. h3 Nf6 14. Nxf6+ Qxf6 15. Be3 Bb6 16. a4 bxa4 17. Bxa4 Ne7 18. dxe5 dxe5 19. Bxb6 Rxb6 20. b4 Rd6 21. Qc2 Bxh3 22. Nh2 Qg5 23. f4 exf4 24. Rf2 Ng6 25. Kh1 Be6 26. Qe2 Rfd8 27. Raf1 Qh4 28. Kg1 Qg3 29. Rf3 Qg5 30. R3f2 Ne5 31. Nf3 Nxf3+ 32. Qxf3 Rd3 33. Qxf4 Qxf4 34. Rxf4 Rxc3 35. e5 Rd2 36. R1f2 Rc1+ 37. Kh2 Rxf2 38. Rxf2 Re1 39. Rc2 Rxe5 40. Rxc7 Re4 41. Rb7 g6 42. Bc2 Re2 43. Bd3 Rd2 44. Be4 Rb2 45. Rb6 Bc4 46. Bb7 Bb5 47. Kg3 Rb3+ 48. Kf2 Rb2+ 49. Kg3 h5 50. Kf4 Rxb4+ 51. Kg5 Kg7 52. Bd5 Rg4# 0-1

[Event "Sarajevo Causevic Memorial Blitz op"]
[Site "Sarajevo"]
[Date "2025.05.25"]
[Round "1"]
[White "Jovanovic, Zoran"]
[Black "Savanovic, Aleksandar"]
[Result "1-0"]
[WhiteElo "2499"]
[BlackElo "2360"]
[PlyCount "155"]
[EventDate "2025.05.25"]
[EventType "swiss (blitz)"]
[EventRounds "11"]
[EventCountry "BIH"]
[SourceTitle "CB22_2025"]
[SourceDate "2025.05.28"]
[SourceVersion "1"]
[SourceVersionDate "2025.05.28"]
[SourceQuality "1"]

1. e4 e5 2. Nf3 Nc6 3. Bb5 a6 4. Ba4 Nf6 5. Nc3 d6 6. Bxc6+ bxc6 7. d4 exd4 8. Nxd4 Bd7 9. Qf3 Be7 10. e5 dxe5 11. Nxc6 Bxc6 12. Qxc6+ Nd7 13. Be3 0-0 14. 0-0-0 Bd6 15. Ne4 Nf6 16. Bg5 Qe8 17. Qxe8 Nxe8 18. Nxd6 Nxd6 19. Be7 Rfe8 20. Bxd6 cxd6 21. Rxd6 e4 22. Re1 Re5 23. c4 f5 24. g3 a5 25. Kc2 Rf8 26. Rd4 Kf7 27. Kc3 Kf6 28. h4 h6 29. Rd6+ Re6 30. Rd5 Ra8 31. b3 g5 32. hxg5+ hxg5 33. Kd4 a4 34. b4 a3 35. c5 Ra4 36. Kc4 f4 37. g4 e3 38. Rf5+ Kg6 39. fxe3 Re4+ 40. Kd5 Raxb4 41. Re5 Rxe5+ 42. Kxe5 f3 43. Rf1 Rxg4 44. Rxf3 Rg2 45. Rf6+ Kg7 46. Ra6 g4 47. Kf4 Rc2 48. Rxa3 Rc4+ 49. Kg3 Kf6 50. Rd3 Ke5 51. Rd4 Rxc5 52. Kxg4 Rc3 53. Kf3 Ra3 54. Rd2 Kf5 55. Rb2 Ke5 56. Rh2 Kf5 57. Rd2 Ke5 58. Rb2 Kf5 59. Rb5+ Ke6 60. Kf4 Rxa2 61. Rb6+ Ke7 62. Rb5 Ra6 63. e4 Kf7 64. Kf5 Ke7 65. Rb7+ Kf8 66. Rd7 Ke8 67. Rg7 Kf8 68. Rg6 Ra5+ 69. e5 Ke8 70. Rb6 Ra1 71. Ke6 Ra8 72. Kf6 Rc8 73. Rb7 Ra8 74. Rh7 Ra1 75. Rh8+ Kd7 76. e6+ Kc7 77. e7 Rf1+ 78. Kg5 1-0

[Event "Sarajevo Causevic Memorial Blitz op"]
[Site "Sarajevo"]
[Date "2025.05.25"]
[Round "5"]
[White "Maksimovic, Bojan"]
[Black "Jovanovic, Zoran"]
[Result "1/2-1/2"]
[WhiteElo "2514"]
[BlackElo "2499"]
[PlyCount "103"]
[EventDate "2025.05.25"]
[EventType "swiss (blitz)"]
[EventRounds "11"]
[EventCountry "BIH"]
[SourceTitle "CB22_2025"]
[SourceDate "2025.05.28"]
[SourceVersion "1"]
[SourceVersionDate "2025.05.28"]
[SourceQuality "1"]

1. c4 e5 2. Nc3 Bb4 3. Nd5 Be7 4. d4 exd4 5. Qxd4 Nf6 6. Nxe7 Qxe7 7. Qe3 d6 8. Qxe7+ Kxe7 9. e3 a5 10. Ne2 Na6 11. f3 Nb4 12. Kd2 d5 13. a3 Na6 14. cxd5 Nxd5 15. e4 Nb6 16. Kc2 Rd8 17. Nf4 Nc5 18. Be3 Ne6 19. Bxb6 cxb6 20. Nd5+ Kf8 21. Nxb6 Rb8 22. Rd1 Rxd1 23. Kxd1 Nc5 24. Bc4 Ke7 25. Ke2 Be6 26. Bxe6 Nxe6 27. Ke3 Rd8 28. Rc1 g6 29. g3 f5 30. Nd5+ Kf7 31. Nf4 Rd6 32. Nxe6 Kxe6 33. b4 axb4 34. axb4 Rb6 35. Rc4 fxe4 36. Kxe4 Rb5 37. f4 h5 38. h3 Rb6 39. g4 Rb5 40. Kd4 Rb6 41. Kc5 Ra6 42. Kb5 Ra3 43. Re4+ Kf6 44. gxh5 gxh5 45. Kb6 Rxh3 46. Kxb7 Rh1 47. b5 h4 48. b6 h3 49. Re2 h2 50. Rf2 Kf5 51. Kb8 Rb1 52. Rxh2 1/2-1/2

[Event "Sarajevo Causevic Memorial Blitz op"]
[Site "Sarajevo"]
[Date "2025.05.25"]
[Round "2"]
[White "Ratkovic, Miloje"]
[Black "Jovanovic, Zoran"]
[Result "0-1"]
[WhiteElo "2489"]
[BlackElo "2499"]
[PlyCount "82"]
[EventDate "2025.05.25"]
[EventType "swiss (blitz)"]
[EventRounds "11"]
[EventCountry "BIH"]
[SourceTitle "CB22_2025"]
[SourceDate "2025.05.28"]
[SourceVersion "1"]
[SourceVersionDate "2025.05.28"]
[SourceQuality "1"]

1. d4 d6 2. c4 e5 3. d5 Nf6 4. Nc3 Nbd7 5. e4 Nc5 6. f3 a5 7. Nge2 c6 8. Be3 Nfd7 9. g4 a4 10. Ng3 Qa5 11. Qd2 Nb6 12. Kf2 Qb4 13. a3 Qa5 14. Rd1 Nb3 15. Qe1 Be7 16. Kg2 0-0 17. h4 Nd4 18. h5 Nc2 19. Qd2 Nxe3+ 20. Qxe3 h6 21. Nf5 Bg5 22. Qf2 Rd8 23. dxc6 bxc6 24. Be2 Be6 25. Nxd6 Rab8 26. c5 Nd7 27. Nc4 Bxc4 28. Bxc4 Nxc5 29. Qc2 Be3 30. Ne2 Qb6 31. Rxd8+ Rxd8 32. Rd1 Bd4 33. Nxd4 exd4 34. e5 Ne6 35. Kg3 Qc5 36. f4 Rb8 37. Rd2 Qa5 38. Bxe6 fxe6 39. Rxd4 Rb3+ 40. Kf2 Qb6 41. Ke1 Qxd4 0-1

[Event "Bundesliga 2425"]
[Site "Germany"]
[Date "2025.02.01"]
[Round "7.6"]
[White "Jovanovic, Zoran"]
[Black "Maiwald, Jens Uwe"]
[Result "0-1"]
[WhiteElo "2525"]
[BlackElo "2429"]
[PlyCount "98"]
[EventDate "2024.09.28"]
[EventType "team-tourn"]
[EventRounds "15"]
[EventCountry "GER"]
[SourceTitle "CB06_2025"]
[SourceDate "2025.02.05"]
[SourceVersion "1"]
[SourceVersionDate "2025.02.05"]
[SourceQuality "1"]
[WhiteTeam "Kirchweyhe"]
[BlackTeam "Dresden TU"]
[WhiteTeamCountry "GER"]
[BlackTeamCountry "GER"]

1. e4 c6 2. Nf3 d5 3. Nc3 Bg4 4. Be2 e6 5. d4 Nf6 6. h3 Bxf3 7. Bxf3 Be7 8. 0-0 0-0 9. Be3 Nbd7 10. e5 Ne8 11. Ne2 Nc7 12. Nf4 c5 13. c3 Rc8 14. Be2 c4 15. Nh5 g6 16. Ng3 b5 17. Qd2 Rb8 18. Bd1 Rb6 19. Ne2 f6 20. exf6 Nxf6 21. Bc2 Nce8 22. Rfe1 Nd6 23. Ng3 Nf5 24. Bf4 Bd6 25. Nxf5 exf5 26. f3 Bxf4 27. Qxf4 b4 28. Qg5 Nh5 29. Qh6 Qh4 30. Qd2 bxc3 31. bxc3 Rb2 32. Rab1 Rxa2 33. Re5 Nf4 34. Rb7 Rf7 35. Rb8+ Kg7 36. Kh2 Nd3 37. Re2 Qf4+ 38. Qxf4 Nxf4 39. Rd2 Re7 40. h4 Re3 41. Rb7+ Kh6 42. g4 fxg4 43. fxg4 Rh3+ 44. Kg1 Rxh4 45. Kf2 Kg5 46. Re7 Rh2+ 47. Ke3 Rh3+ 48. Kf2 Rxc3 49. Re5+ Kh4 0-1

[Event "CRO-chT1A 32nd"]
[Site "Veli Losinj"]
[Date "2024.10.11"]
[Round "7.4"]
[White "Jovanovic, Zoran"]
[Black "Zelcic, Robert"]
[Result "1/2-1/2"]
[WhiteElo "2528"]
[BlackElo "2438"]
[PlyCount "39"]
[EventDate "2024.10.05"]
[EventType "team-tourn"]
[EventRounds "9"]
[EventCountry "CRO"]
[SourceTitle "CB47_2024"]
[SourceDate "2024.11.20"]
[SourceVersion "1"]
[SourceVersionDate "2024.11.20"]
[SourceQuality "1"]
[WhiteTeam "Kastel Novi"]
[BlackTeam "Zagreb Zagreb"]
[WhiteTeamCountry "CRO"]
[BlackTeamCountry "CRO"]

1. e4 c6 2. Nf3 d5 3. Nc3 Bg4 4. h3 Bxf3 5. Qxf3 Nf6 6. Be2 e6 7. 0-0 Nbd7 8. d4 dxe4 9. Nxe4 Nxe4 10. Qxe4 Nf6 11. Qd3 Be7 12. Rd1 0-0 13. Bf3 Qc7 14. c4 Rfd8 15. Be3 e5 16. Qc2 exd4 17. Bxd4 Nd7 18. Qc3 Bf6 19. Bxf6 Nxf6 20. b4 1/2-1/2

[Event "CRO-chT1A 32nd"]
[Site "Veli Losinj"]
[Date "2024.10.10"]
[Round "6.4"]
[White "Franic, Milan"]
[Black "Jovanovic, Zoran"]
[Result "0-1"]
[WhiteElo "2364"]
[BlackElo "2528"]
[PlyCount "78"]
[EventDate "2024.10.05"]
[EventType "team-tourn"]
[EventRounds "9"]
[EventCountry "CRO"]
[SourceTitle "CB47_2024"]
[SourceDate "2024.11.20"]
[SourceVersion "1"]
[SourceVersionDate "2024.11.20"]
[SourceQuality "1"]
[WhiteTeam "Pula"]
[BlackTeam "Kastel Novi"]
[WhiteTeamCountry "CRO"]
[BlackTeamCountry "CRO"]

1. d4 d6 2. Nf3 g6 3. c4 Bg7 4. Nc3 e5 5. e3 Nc6 6. Be2 Nf6 7. 0-0 0-0 8. a3 exd4 9. exd4 d5 10. Ne5 Ne7 11. c5 Nd7 12. Nf3 Re8 13. Bf4 Nf8 14. h3 Ne6 15. Be5 Bxe5 16. Nxe5 Nf5 17. Nf3 c6 18. Qd2 Qf6 19. Rad1 Bd7 20. Rfe1 Re7 21. Bf1 Nexd4 22. Nxd4 Rxe1 23. Nxf5 Rxf1+ 24. Kxf1 Bxf5 25. Ne2 b6 26. Rc1 Re8 27. Rc3 Bc8 28. Nd4 Re4 29. Nf3 bxc5 30. Ng5 Ba6+ 31. Kg1 Re2 32. Rf3 Qe5 33. Qf4 Re1+ 34. Kh2 f6 35. Qxe5 Rxe5 36. Rxf6 Rxg5 37. Rxc6 Bf1 38. g4 d4 39. Rd6 Bc4 0-1

[Event "CRO-chT1A 32nd"]
[Site "Veli Losinj"]
[Date "2024.10.08"]
[Round "4.4"]
[White "Galic, Ivan"]
[Black "Jovanovic, Zoran"]
[Result "1/2-1/2"]
[WhiteElo "2418"]
[BlackElo "2528"]
[PlyCount "33"]
[EventDate "2024.10.05"]
[EventType "team-tourn"]
[EventRounds "9"]
[EventCountry "CRO"]
[SourceTitle "CB47_2024"]
[SourceDate "2024.11.20"]
[SourceVersion "1"]
[SourceVersionDate "2024.11.20"]
[SourceQuality "1"]
[WhiteTeam "Sesvete Agroproteinka"]
[BlackTeam "Kastel Novi"]
[WhiteTeamCountry "CRO"]
[BlackTeamCountry "CRO"]

1. e4 d6 2. d4 Nf6 3. Nc3 e5 4. dxe5 dxe5 5. Qxd8+ Kxd8 6. Bc4 Ke8 7. f3 c6 8. Be3 Nbd7 9. a4 a5 10. Nge2 Bc5 11. Nd1 Ke7 12. Nc1 Bxe3 13. Nxe3 Nc5 14. Nb3 Nxb3 15. Bxb3 g6 16. h4 h5 17. 0-0-0 1/2-1/2

[Event "CRO-chT1A 32nd"]
[Site "Veli Losinj"]
[Date "2024.10.05"]
[Round "1.4"]
[White "Jovanovic, Zoran"]
[Black "Martinovic, Sasa"]
[Result "1/2-1/2"]
[WhiteElo "2528"]
[BlackElo "2563"]
[PlyCount "46"]
[EventDate "2024.10.05"]
[EventType "team-tourn"]
[EventRounds "9"]
[EventCountry "CRO"]
[SourceTitle "CB47_2024"]
[SourceDate "2024.11.20"]
[SourceVersion "1"]
[SourceVersionDate "2024.11.20"]
[SourceQuality "1"]
[WhiteTeam "Kastel Novi"]
[BlackTeam "Solin Cemex"]
[WhiteTeamCountry "CRO"]
[BlackTeamCountry "CRO"]

1. e4 e6 2. d4 d5 3. Nc3 Nf6 4. Bg5 dxe4 5. Nxe4 Nbd7 6. Nf3 Be7 7. Nxf6+ Bxf6 8. Bxf6 Nxf6 9. Bc4 0-0 10. Qe2 b6 11. 0-0 Bb7 12. Rfd1 Qd6 13. Ba6 Bxa6 14. Qxa6 Rfd8 15. c3 c5 16. a4 Qc7 17. h3 Rab8 18. Qc4 Nd5 19. Rd2 Rdc8 20. dxc5 bxc5 21. a5 h6 22. g3 Rb7 23. Qe2 c4 1/2-1/2